Cities by Literal Meaning - Statistics

General Stats
  • This quiz has been taken 61 times
  • The average score is 11 of 16
Answer Stats
Literal Meaning Language Answer % Correct
Northern Capital Mandarin Beijing
96%
Eastern Capital Japanese Tokyo
93%
Saint Francis (of Assisi) Spanish San Francisco (de Asís)
91%
Saint Paul Portuguese São Paulo
89%
Red Hero Mongolian Ulaanbaatar
89%
(Town of our Lady the Queen of ) Angels (of the River Porciúncula) Spanish (El Pueblo de Nuestra Señora la Reina de) los Ángeles (del Río Porciúncula)
84%
Muddy Confluence Malay Kuala Lumpur
82%
Saint Thomas Portuguese São Tomé
72%
The (Count's) Hedge Dutch The Hague (Des Graven Hage)
70%
Smyrna Turkish Izmir
63%
Rule the East Russian Vladivostok
58%
To the City Greek Istanbul
56%
Southern Capital Mandarin Nanjing
54%
Triple City Greek Tripoli
51%
Lower New Town Russian Nizhny Novgorod
44%
New Orchard Serbian Novi Sad
44%
No matching quizzes found
Score Distribution
Percent of People with Each Score
Percentile by Number Answered
Your Score History
You have not taken this quiz